Primer seminario regional sobre etica en el turismo : Quito (Ecuador) 29-30 junio 2006 = First regional seminar on ethics in tourism : Quito Ecuador 29-30 June 2006

Αποθηκεύτηκε σε:
Λεπτομέρειες βιβλιογραφικής εγγραφής
Συλλογικό Έργο: Primer seminario regional sobre etica en el turismo, World Tourism Organization
Μορφή: Βιβλίο
Γλώσσα:Spanish
English
Δημοσίευση: Madrid : World Tourism Organization, 2007
Σειρά:World Tourism Organization seminar proceedings = Seminario de la organizacion mundial del turismo
Θέματα:
Ετικέτες: Προσθήκη ετικέτας
Δεν υπάρχουν, Καταχωρήστε ετικέτα πρώτοι!

MARC

LEADER 00000cam a2200000 i 4500
001 1/72834
008 080129s2007 spa d
020 |a 978-92-844-1244-0 
035 |l 10094223 
040 |a GR-MY-UA  |b gre  |e aacr 
041 0 |a spa  |a eng 
082 0 |a 338.4791  |2 (22) 
110 2 |a Primer seminario regional sobre etica en el turismo. 
245 1 0 |a Primer seminario regional sobre etica en el turismo :  |b Quito (Ecuador) 29-30 junio 2006 = First regional seminar on ethics in tourism : Quito Ecuador 29-30 June 2006 /  |c World Tourism Organization 
260 |a Madrid :   |b World Tourism Organization,   |c 2007 
300 |a 233 σ.;  |c 29 εκ. 
490 1 |a World Tourism Organization seminar proceedings = Seminario de la organizacion mundial del turismo 
650 0 0 |a Tourism  |x Congresses. 
710 2 |a World Tourism Organization. 
830 0 |a World Tourism Organization seminar proceedings = Seminario de la organizacion mundial del turismo 
852 |a INST  |b CHIOS  |e 20080129  |h 338.4791 PRI  |p 005200028019  |q 005200028019  |t BK  |y 0 
901 |a BIBL2-2008-1 
909 |a Χ  |b 146334 
970 |a ΑΤΣΑΛΗ  |b ΔΕΣΠΟΙΝΑ  |z 2008/01/29